Bilecik Bilecik Bilecik Bilecik Bilecik

Elektrik endüstrisinin yeniden yapılandırılması ve deregülasyonu sürecinde perakende satış rekabeti/ (Record no. 64199)

MARC details
000 -BAŞLIK
Sabit Uzunluktaki Kontrol Alanı 01284nam a22003857a 4500
001 - KONTROL NUMARASI
Control Dosyası 0064403
003 - KONTROL NUMARASI KİMLİĞİ
Kontrol Alanı KOHA_MİRAKIL
005 - EN SON İŞLEM TARİHİ ve ZAMANI
Kontrol Alanı 20260207004459.0
007 - FİZİKSEL TANIM SABİT ALAN - GENEL BİLGİ
Sabit uzunluklu kontrol alanı ta
008 - SABİT UZUNLUKTAKİ VERİ ÖGELERİ - GENEL BİLGİ
Sabit Alan 220615b2007 tu |||gr||||#0|||0|tur |
020 ## - ISBN - ULUSLARARASI STANDART KİTAP NUMARASI
Isbn 9789758936410
Kullanılabilirlik koşulları TL0,01
040 ## - KATALOGLAMA KAYNAĞI
Özgün Kataloglama Kurumu TR-BiSEU
Kataloglama Dili tur
Çeviri Kurumu TR-BiSEU
Açıklama Kuralları rda
041 0# - DİL KODU
Metin ya da ses kaydının dil kodu tur
050 ## - SINIFLAMA ve YER NUMARASI
Sınıflama Numarası HD9697
Yer Numarası .O94 2007
100 1# - KİŞİ ADI
Yazar Adı (Kişi adı) Özercan, Müge.
245 1# - ESER ADI BİLDİRİMİ
Başlık Elektrik endüstrisinin yeniden yapılandırılması ve deregülasyonu sürecinde perakende satış rekabeti/
Sorumluluk Bildirimi Müge Özercan ; Müge Özercan.
264 #1 - ÜRERİM, YAYIN, DAĞITIM ve TELİF BİLDİRİMİ
Yayın yeri Ankara :
Yayınlayan Rekabet Kurumu
Yayın tarihi 2007
300 ## - FİZİKSEL TANIMLAMA
Sayfa, Cilt vb. V, 81 sayfa ;
Boyutları 24 cm.
336 ## - İÇERİK TÜRÜ
Content type term metin
Content type code txt
Source rdacontent
337 ## - MEDYA TÜRÜ
Media type term aracısız
Media type code n
Source rdamedia
338 ## - TAŞIYICI TÜRÜ
Carrier type term cilt
Carrier type code nc
Source rdacarrier
490 1# - DİZİ BİLDİRİMİ
Dizi Bildirimi Yayın no ;
Cilt Numarası 196 Uzmanlık Tezleri serisi no ;
-- 78.
500 ## - GENEL NOT
Genel Not Kaynakça var.
650 #0 - KONU BAŞLIĞI EK GİRİŞ - KONU TERİMİ
Konusal terim veya coğrafi ad Elektrik endüstrisi.
9 (RLIN) 34535
650 #0 - KONU BAŞLIĞI EK GİRİŞ - KONU TERİMİ
Konusal terim veya coğrafi ad Ticaret düzenlemesi.
9 (RLIN) 118698
650 #0 - KONU BAŞLIĞI EK GİRİŞ - KONU TERİMİ
Konusal terim veya coğrafi ad Rekabet.
9 (RLIN) 3533
650 #0 - KONU BAŞLIĞI EK GİRİŞ - KONU TERİMİ
Konusal terim veya coğrafi ad Serbestleşme.
9 (RLIN) 118699
650 #0 - KONU BAŞLIĞI EK GİRİŞ - KONU TERİMİ
Konusal terim veya coğrafi ad Electric industries.
9 (RLIN) 71668
650 #0 - KONU BAŞLIĞI EK GİRİŞ - KONU TERİMİ
Konusal terim veya coğrafi ad Trade regulation.
9 (RLIN) 19456
650 #0 - KONU BAŞLIĞI EK GİRİŞ - KONU TERİMİ
Konusal terim veya coğrafi ad Competition.
9 (RLIN) 4785
650 #0 - KONU BAŞLIĞI EK GİRİŞ - KONU TERİMİ
Konusal terim veya coğrafi ad Deregulation.
9 (RLIN) 71669
830 1# - SERİ EK GİRİŞİ - TEKBİÇİM ESER ADI
Tekbiçim Başlık Yayın no ;
Volume number/sequential designation 196 Uzmanlık Tezleri serisi no ;
-- 78.
9 (RLIN) 1619
907 ## - LOCAL DATA ELEMENT G, LDG (RLIN)
a Sosyal Bilimler
942 ## - EK GİRİŞ ÖGELERİ (KOHA)
Source of classification or shelving scheme Library of Congress Classification
Koha item type Book
Holdings
Materyal Türü Kalıcı Konum Mevcut Konum Sınıflandırma Kaynağı Edinim Bilgisi Ana Konular Alt Konular Yer Numarası Demirbaş Numarası Fatura Tarihi Geri Çekilme Durumu Kayıp Durumu Hasarlı Durumu Kredi için değil Kayıt Tarih Toplam Ödünçverme Son Görülme Tarihi Son Kontrol Tarihi Genel / Bağış Notu
Book BŞEÜ Osmaneli MYO Kütüphanesi BŞEÜ Osmaneli MYO Kütüphanesi Library of Congress Classification Bağış SOSYAL BİLİMLER Endüstriler, Arazi Kullanımı, İşgücü HD9697 .O94 2007 0067337 02/02/2026         15/06/2022   06/03/2025 06/03/2025 Genel Bağış
Book BŞEÜ Söğüt MYO Kütüphanesi BŞEÜ Söğüt MYO Kütüphanesi Library of Congress Classification Bağış SOSYAL BİLİMLER Endüstriler, Arazi Kullanımı, İşgücü HD9697 .O94 2007 0064403 02/02/2026         08/03/2019   04/03/2025 04/03/2025 Genel Bağış